Statistics for Top 10 Cities with the Most Japanese Nationals

Click here to take the quiz!

General Stats

  • This quiz has been taken 196 times
  • The average score is 7 of 10

Answer Stats

PopulationCity% Correct
44,636New York City
100%
68,689Los Angeles
95%
36,721London
86%
18,777San Francisco
83%
46,115Shanghai
74%
26,869Hong Kong
68%
30,448Sydney
68%
36,963Singapore
66%
26,999Vancouver
48%
48,700Bangkok
47%

Score Distribution

Percentile by Number Answered

Percent of People with Each Score

Your Score History

You have not taken this quiz